[Event "Halver qual-B"]
[Site "Halver"]
[Date "2002.03.15"]
[Round "6"]
[White "Hermaneck, Ingrid"]
[Black "Mirus, Sven"]
[Result "1-0"]
[WhiteElo "1750"]
[BlackElo "1306"]
[PlyCount "103"]
[EventDate "2002.01.18"]
[EventType "tourn"]
[EventRounds "9"]
[EventCountry "GER"]
[SourceTitle "EXT 2007"]
[Source "ChessBase"]
[SourceDate "2006.11.23"]
[SourceVersion "1"]
[SourceVersionDate "2006.11.23"]
[SourceQuality "1"]

1. c4 f5 2. d4 g6 3. Nc3 Bg7 4. Nf3 Nf6 5. g3 d6 6. Bg2 0-0 7. 0-0 c6 8. Re1 Re8 9. e4 fxe4 10. Nxe4 Na6 11. h3 Nc7 12. Nxf6+ exf6 13. Be3 Be6 14. Rc1 f5 15. Ng5 h6 16. Nxe6 Nxe6 17. Qd2 Kh7 18. d5 cxd5 19. Bxd5 Qd7 20. b3 Nd8 21. Rcd1 Nc6 22. Bxc6 Qxc6 23. Qxd6 Qf3 24. Qd5 Qxd5 25. Rxd5 b6 26. Rd7 Kg8 27. Red1 g5 28. R1d6 Rf8 29. Bd4 Bxd4 30. Rxd4 Rf7 31. Kg2 Raf8 32. R4d6 Rxd7 33. Rxd7 Rf7 34. Rd5 f4 35. c5 fxg3 36. Kxg3 bxc5 37. Rxc5 Rf6 38. f3 a6 39. b4 Kf7 40. b5 axb5 41. Rxb5 Ra6 42. Rb2 Ra3 43. Rf2 h5 44. Kg2 Kf6 45. Kg3 Kf5 46. Rc2 h4+ 47. Kf2 Kf4 48. Rc4+ Kf5 49. Rc2 Kf4 50. Kg2 Rxf3 51. Rc4+ Ke3 52. Rc3+ 1-0